000 00527nam a2200169Ia 4500
003 GCL
008 140319s9999 xx 000 0 ara d
040 _aGCL /
_cGCL
082 0 4 _aد
_b050
100 1 _aشركة منى خاطر للنشر
245 1 0 _aمرشد الكمبيوتر + سى دى /
_cشركة منى خاطر للنشر
300 _a82
490 _aمنشورات كلية المحاسبة - غريان
_v0
650 0 4 _aالحاسبات الالكترونية
650 0 4 _aالبرامج
942 _2ddc
_cCF
999 _c27413
_d27413